Statistiques concernant Villes du Monde sur une carte par lettre - L

Cliquez ici pour prendre le quiz!

Statistiques générales

  • Ce quiz a été pris 11 823 fois
  • Le résultat moyen est 15 sur 32

Réponses sur la Carte

Les réponses sont colorées sur une échelle allant du rouge au vert en fonction du pourcentage des utilisateurs qui les ont devinées à leur premier essai. Vous pouvez retrouver ces pourcentages ci-dessous.
 

Statistiques - réponses

Villes% Correct
Londres
95%
Lisbonne
92%
Lyon
92%
Los Angeles
88%
Lima
77%
Le Caire
75%
Las Vegas
69%
La Rochelle
67%
Liverpool
65%
Le Cap
64%
La Havane
63%
Liège
58%
Ljubljana
58%
La Paz
55%
Lagos
46%
Libreville
41%
Luanda
41%
Leipzig
32%
La Mecque
31%
Louxor
27%
Lusaka
27%
Lilongwe
26%
La Nouvelle-Orléans
25%
Lucerne
25%
Lviv
25%
Lahore
21%
Lodz
18%
Lhassa
17%
Louhansk
15%
Laâyoune
8%
Lubumbashi
8%
Lucknow
6%

Distribution des résultats

Percentile par nombre de réponses

% des personnes avec chaque résultat

Votre développement - résultats

Vous n’avez pas pris ce quiz